Edvard Beneš, Němci a Německo edice dokumentů svazek I 1896-1919
| Main Author: | |
|---|---|
| Other Authors: | , |
| Format: | Book |
| Language: | Czech French Italian English |
| Published: |
Praha
Masarykův ústav a Archiv Akademie věd ČR
2014
|
| Edition: | 1. vyd. |
| Series: | Edice dokumentů
|
| Subjects: |
MARC
| LEADER | 00000cam a2200000 a 4500 | ||
|---|---|---|---|
| 001 | vtls010637236 | ||
| 003 | SK-MaSNL | ||
| 005 | 20260311124854.0 | ||
| 008 | 240318m2014 xr e 001 0bcze | ||
| 015 | |a cnb002634889 | ||
| 015 | |a SNBZSA2016 | ||
| 020 | |a 9788087782309 |q (viaz.) | ||
| 035 | |a urn:nbn:sk:snk-am00b7rn | ||
| 035 | |a urn:nbn:sk:snk-am3h84p | ||
| 035 | |a E9F7EA49-2669-4C67-B1D5-EEA37413ED90 | ||
| 040 | |a SNK |b slo |c SNK |e AACR2 | ||
| 041 | 0 | |a cze |a fre |a ita |a eng |b eng | |
| 043 | |a e-cs--- |a e-xr--- |a e-gx--- | ||
| 044 | |a xr |c CZ | ||
| 072 | 7 | |a 32 |x Politika |2 konspekt | |
| 080 | |a 929 |2 2001 | ||
| 080 | |a 316.64 |2 2001 | ||
| 080 | |a (=112.2) |2 2001 | ||
| 080 | |a 94(430) |2 2001 | ||
| 080 | |a 323.11:316.356.4(091) |2 2001 | ||
| 080 | |a (=162.3):(=112.2) |2 2001 | ||
| 080 | |a 327 |2 2001 | ||
| 080 | |a (437) |2 2001 | ||
| 080 | |a (430) |2 2001 | ||
| 080 | |a (093) |2 2001 | ||
| 080 | |a (0.072) |2 2001 | ||
| 080 | |a "1896/1919" |2 2001 | ||
| 080 | |a "18/19" |2 2001 | ||
| 080 | |a 32-051 |2 2001 | ||
| 080 | |a 342.511 |2 2001 | ||
| 080 | |a 327(100) |2 2001 | ||
| 080 | |a (437.3) |2 2001 | ||
| 080 | |a 323 |2 2001 | ||
| 080 | |a 355.48 |2 2001 | ||
| 100 | 1 | |a Beneš, Edvard, |d 1884-1948 |4 aut |9 110633 | |
| 245 | 1 | 0 | |a Edvard Beneš, Němci a Německo |b edice dokumentů |n svazek I |p 1896-1919 |c Dagmar Hájková, Pavel Horák (eds.) |
| 246 | 3 | |a Edvard Beneš, Němci a Německo : 1896-1919 | |
| 246 | 3 | |a EB : 1896-1919 | |
| 246 | 3 | 0 | |a Edice dokumentů |
| 250 | |a 1. vyd. | ||
| 260 | |a Praha |b Masarykův ústav a Archiv Akademie věd ČR |c 2014 | ||
| 300 | |a 444 s. |b 1 portrét |c 25 cm | ||
| 490 | 1 | |a Edice dokumentů ; |v sv. III/1 (1936-1937) | |
| 500 | |a Fotografia na predsádkach, portrét na frontispise | ||
| 500 | |a Publikácia bola pripravená v rámci riešenia grantového projektu GA ČR č. P410/10/1273 Edvard Beneš, Němci a Německo | ||
| 504 | |a Bibliogr.: s. 410-415 ; bibliog. odkazy ; reg. ; zoznam použitých skratiek | ||
| 546 | |a Čiast. fran., angl. a tal. text ; angl. res. | ||
| 600 | 1 | 7 | |a Beneš, Edvard, |d 1884-1948 |2 SNKMA |9 110633 |
| 648 | 7 | |a 1896-1919 |2 SAVUKPH |9 429297 | |
| 648 | 7 | |a 19.-20. stor. |2 SNKPH |9 268609 | |
| 648 | 7 | |a 19th-20th centuries |2 SAVUKPHeng |9 282960 | |
| 650 | 0 | 7 | |a politici |2 SNKPH |9 2679 |
| 650 | 0 | 7 | |a prezidenti |2 SNKPH |9 4128 |
| 650 | 0 | 7 | |a politické názory a postoje |2 SNKPH |9 4305 |
| 650 | 0 | 7 | |a Nemci |2 SNKPH |9 22551 |
| 650 | 0 | 7 | |a nemecká otázka |2 SNKPH |9 429298 |
| 650 | 0 | 7 | |a národnostná otázka |2 SNKPH |9 98538 |
| 650 | 0 | 7 | |a Česi a Nemci |2 SNKPH |9 67104 |
| 650 | 0 | 7 | |a prezident republiky |2 SNKPH |9 4135 |
| 650 | 0 | 7 | |a názory a postoje |2 SNKPH |9 4303 |
| 650 | 0 | 7 | |a svetová politika |2 SNKPH |9 3783 |
| 650 | 0 | 7 | |a česko-nemecké vzťahy |2 SNKPH |9 429299 |
| 650 | 0 | 7 | |a ozbrojené konflikty |2 SNKPH |9 4455 |
| 650 | 0 | 7 | |a Politicians |2 SNKPHeng |9 281560 |
| 650 | 0 | 7 | |a Presidents |2 SNKPHeng |9 277474 |
| 650 | 0 | 7 | |a Political views and attitudes |2 SNKPHeng |9 316397 |
| 650 | 0 | 7 | |a Germans |2 SNKPHeng |9 324879 |
| 650 | 0 | 7 | |a German question |2 SNKPHeng |9 429300 |
| 650 | 0 | 7 | |a National question |2 SNKPHeng |9 425114 |
| 650 | 0 | 7 | |a Czechs and Germans |2 SNKPHeng |9 301350 |
| 650 | 0 | 7 | |a Presidency |2 SNKPHeng |9 351236 |
| 650 | 0 | 7 | |a Views and attitudes |2 SNKPHeng |9 306968 |
| 650 | 0 | 7 | |a World politics |2 SNKPHeng |9 286815 |
| 650 | 0 | 7 | |a Armed conflicts |2 SNKPHeng |9 311364 |
| 651 | 7 | |a Česko |2 SNKPH |9 16753 | |
| 651 | 7 | |a Československo |2 SNKPH |9 21376 | |
| 651 | 7 | |a Československo |x zahraničné vzťahy |2 SNKPH |9 319306 | |
| 651 | 7 | |a Nemecko |x zahraničné vzťahy |2 SNKPH |9 318620 | |
| 651 | 7 | |a Nemecko |x medzinárodné vzťahy |2 SNKPH |9 429301 | |
| 651 | 7 | |a Nemecko |x spoločnosť a politika |2 SNKPH |9 315242 | |
| 651 | 7 | |a Czechia |2 SAVUKPHeng | |
| 651 | 7 | |a Czechoslovakia |2 SAVUKPHeng |9 265183 | |
| 651 | 7 | |a Czechoslovakia |x foreign relations |2 SAVUKPHeng |9 319307 | |
| 651 | 7 | |a Germany |x foreign relations |2 SAVUKPHeng |9 318621 | |
| 651 | 7 | |a Germany |x international relations |2 SAVUKPHeng |9 429302 | |
| 651 | 7 | |a Germany |x society and politics |2 SAVUKPHeng |9 429303 | |
| 655 | 7 | |a dokumenty |2 SNKPH |9 70482 | |
| 655 | 7 | |a pramene |2 SNKPH |9 70564 | |
| 655 | 7 | |a komentované vydanie |2 SNKPH |9 70501 | |
| 655 | 7 | |a Annotated editions |2 SNKPHeng |9 279301 | |
| 655 | 7 | |a Sources |2 SNKPHeng |9 285559 | |
| 655 | 7 | |a Documents |2 SNKPHeng |9 277725 | |
| 700 | 1 | |a Beneš, Edvard, |d 1884-1948 |4 aut |9 110633 | |
| 700 | 1 | |a Horák, Pavel, |d 1983- |4 edt |9 429304 | |
| 700 | 1 | |a Hájková, Dagmar, |d 1962- |4 edt |9 186126 | |
| 830 | 0 | |a Edice dokumentů |9 429305 | |
| 919 | |a 978-80-87782-30-9 | ||
| 958 | |a ZS | ||
| 958 | |a BC | ||
| 958 | |a CZ | ||
| 999 | |c 681521 |d 683451 | ||
| 952 | |a SNK |b SNK |y PREZ |7 0 |p 17A1174427 |o snkSC 167034/1 |i snk2015/31528 |8 4 |g 17.71 |0 0 |1 0 |4 0 |d 2015-11-10 |f 1 |l 0 |r 2026-02-23 19:59:21 |w 2026-02-23 | ||
| 952 | |t snkBEN/1 32:929 |a SNKUST |b SNKUST |y PREZ |7 0 |p 17A1304398 |o snkSC 167034/1 D1 |i snk2017/25236 |8 4 |g 17.30 |0 0 |1 0 |4 0 |d 2017-11-03 |l 0 |r 2025-04-28 00:00:00 |w 2026-02-23 | ||


